| 000 | 02143nam0a2200361 4500 | ||
|---|---|---|---|
| 001 | RU\NLR\bibl\1155288 | ||
| 005 | 20071220151403.0 | ||
| 010 |
_a9785-94895-051-8 _9300 |
||
| 021 |
_aRU _b2007-70539 _93790 |
||
| 035 | _a(NLR Aleph) 001142065 | ||
| 090 |
_a1423998 _c1423998 |
||
| 100 | _a20071116d2007 k y0rusy50 ca | ||
| 101 | 0 | _arus | |
| 102 | _aRU | ||
| 105 | _aa ||||||||| | ||
| 200 | 1 |
_aЭкономика и управление: российский и международный опыт _eсборник научных трудов _e[памяти выдающегося российского ученого, Заслуженного деятеля науки Олега Петровича Литовки (1938-2007)] _fГос. образоват. учреждение высш. проф. образования "Ленингр. обл. ин-т экономики и финансов" _gпод ред. проф. Р.Н. Авербуха, проф. В.Р. Ковалева |
|
| 210 |
_aГатчина _cЛОИЭФ _d2007 |
||
| 215 |
_a212 с., [1] л. портр. _cил., портр. _d21 |
||
| 320 | _aБиблиогр. в конце ст. | ||
| 606 | 1 |
_aОкружающая среда _xОхрана _jСборники _2nlr_sh2 _3RU\NLR\auth\6641170 |
|
| 606 | 1 |
_aИнновационная деятельность _xУправление _yРоссийская Федерация _jСборники _2nlr_sh2 _3RU\NLR\auth\661404260 |
|
| 607 |
_aРоссийская Федерация _xНародное хозяйство _xУправление _jСборники _2nlr_sh2 _3RU\NLR\auth\661248997 |
||
| 686 | _aУ28(0)1я43 | ||
| 686 | _aУ5-55-21я43 | ||
| 686 | _aУ21(2)9(2Р)я43 | ||
| 702 | 1 |
_aАвербух _bР. Н. _gРоман Наумович _4340 |
|
| 702 | 1 |
_aЛитовка _bО. П. _f1938-2007 _gОлег Петрович _4570 |
|
| 712 | 0 | 2 |
_aЛенинградский областной институт экономики и финансов _cГатчина _3RU\NLR\AUTH\8810016875 _4475 |
| 801 | 0 |
_aRU _bNLR _c20071116 _gRCR |
|
| 801 | 1 |
_aRU _bNLR _c20071116 |
|
| 942 | _cUNSPEC | ||
| 980 | _aNB | ||